000 01967nam a2200325 i 4500
001 160211
003 ES-MaACL
005 20251105063136.0
008 970407s1687 fr a |||| | fre d
040 _aCAV
_bspa
_cCCPB | SIC
100 1 _aMoreri, Louis,
_d1643-1680
_983465
245 1 3 _aLe grand dictionaire historique, ou Le mélange curieux de l'histoire sacrée et profane
_b: qui contient en abregé les vies des patriarches, des juges et des rois de l'Ancien Testament ... /
_cpar Louis Moreri ... ; tome premier [-second].
250 _aQuatrième édition, divisée en deux tomes, Revûë, corrigée, augmentée & mise en meilleur ordre que les precedentes.
260 _aA Lyon :
_bchez Jean Girin, & Barthelemi Riviere ... ;
_aet se vend à Paris :
_bchez Denis Thierry ...,
_c1687.
300 _a4 v. ([22], 1315 [i.e. 1278] p., [2] en bl.; [2], 1180, 183 p.) ;
_c38 cm.
595 _aDatos de ed. preceden al autor en port.
597 _aSign.: [ ]1, ã6, ¯e4, A-Z4, 2A-2Z4, 3A-3Z4, 4A-4Z4, 5A-5Z4, 6A-6Z4, 7A-7Y4; [ ]1, A-Z4, 2A-2Z4, 3A-3Z4, 4A-4Z4, 5A-5Z4, 6A-6Z4, 7A-7H4, 7p6, *A-*Z4.
597 _aErrores de pag. en tomo 1: pasa de p. 736 a 777 y repite las p. 1127-1128.
597 _aPorts. a dos tintas.
597 _aEl tomo primero contiene las letras A-F y el segundo G-Z. Las 183 p. con las letras T-Z.
597 _aTexto a dos col.
599 _aFront. grab. calc.: "Audran sculp."
599 _aLa h. de grab. calc.: "De Troye Pin.""G. Edelinck Sculp.", retrato del autor, precediendo a port.
599 _aViñetas calc. al comienzo de texto: "T. Blanchet jnu.""Matt. Ogier Sculp. Lugd." (t. 1); "I.I. Thourneyser sc. ..." (t. 2)
630 0 4 _aBiblia-
_vEnciclopedias.
_9165685
650 4 _aHistoria eclesiástica-
_vEnciclopedias.
_9165686
650 4 _aHistoria universal-
_vEnciclopedias.
_913432
852 _aES-MaACL
_jR-85-88
_z-- Enc. pasta española
_xC-778-781
999 _c160211
_d160211